000
00175 a2200097 4500
020
_a
9781933693675
041
_a
eng
100
_a
Tingle, Tim
245
_a
Saltypie
942
_c
BK
999
_c
9709
_d
9709